logo

Bir Sreshtho Munshi Abdur Rouf Library
Jhenaidah Cadet College

মুনীর চৌধুরীর সাহিত্যকর্ম / (Record no. 2158)

MARC details
000 -LEADER
fixed length control field 00783nam a2200229 a 4500
001 - CONTROL NUMBER
JCCL Control Number 2158
003 - CONTROL NUMBER IDENTIFIER
JCCL marc code BD-JhCC
005 - DATE AND TIME OF LATEST TRANSACTION
control field 20171102165257.0
008 - FIXED-LENGTH DATA ELEMENTS--GENERAL INFORMATION
fixed length control field 171030s2009 bg |||| |||| 001 0 ben d
020 ## - INTERNATIONAL STANDARD BOOK NUMBER
International Standard Book Number 9847011600871
035 ## - SYSTEM CONTROL NUMBER
system control number (BD-JhCC)2158
040 ## - CATALOGING SOURCE
Original cataloging agency BD-JhCC
Modifying agency BD-JhCC
041 ## - LANGUAGE CODE
Language code of Book ben
082 ## - DEWEY DECIMAL CLASSIFICATION NUMBER
Classification number 891.442
Author mark and Year ZAI 2009
100 ## - MAIN ENTRY--PERSONAL NAME
Personal name জয়নুদ্দীন, মোহাম্মদ
245 ## - TITLE STATEMENT
Title মুনীর চৌধুরীর সাহিত্যকর্ম /
Statement of responsibility, etc মোহাম্মদ জয়নুদ্দীন
260 ## - PUBLICATION, DISTRIBUTION, ETC. (IMPRINT)
Place of publication, distribution, etc ঢাকা :
Name of publisher, distributor, etc অন্বেষা প্রকাশন,
Date of publication, distribution, etc ২০০৯.
300 ## - PHYSICAL DESCRIPTION
Pagination ৩২৭ পৃ. :
Dimensions ২১ সেমি.
650 ## - SUBJECT ADDED ENTRY--TOPICAL TERM
Topical term or geographic name as entry element Collection of Literatury work
942 ## - ADDED ENTRY ELEMENTS (KOHA)
Source of classification or shelving scheme Dewey Decimal Classification
Koha item type Books
Holdings
Source of classification or shelving scheme Damaged status Not for loan Home library Current library Shelving location Date of accession Cost, normal purchase price Total Checkouts Full call number Barcode Date last seen Copy number Koha item type
Dewey Decimal Classification   Not For Loan JCC Rouf Library JCC Rouf Library General Stacks 10/30/2017 300.00   891.442 ZAI 2009 3590 10/30/2017 C-1 Books
Dewey Decimal Classification     JCC Rouf Library JCC Rouf Library General Stacks 10/31/2017 300.00   891.442 ZAI 2009 3447 10/31/2017 C-2 Books
Dewey Decimal Classification     JCC Rouf Library JCC Rouf Library General Stacks 10/31/2017 300.00   891.442 ZAI 2009 3564 10/31/2017 C-3 Books
Dewey Decimal Classification     JCC Rouf Library JCC Rouf Library General Stacks 11/02/2017 300.00   891.442 ZAI 2009 3641 11/02/2017 C-4 Books
Dewey Decimal Classification     JCC Rouf Library JCC Rouf Library General Stacks 11/02/2017 135.00   891.442 ZAI 2009 3640 11/02/2017 C-5 Books

JCC Library | Contacts | JCC Home

Last Update on 23 September 2017
Copyright @ 2017-2020 JCC Rouf Library
Rouf Library, Jhenidah Cadet College (JCC), Bangladesh